书目信息 |
| 题名: |
常用词用法例释
|
|
| 作者: | 王国璋 , 安汝磐 编 | |
| 分册: | ||
| 出版信息: | 北京 中国人民大学出版社 1980.02 |
|
| 页数: | 459页 | |
| 开本: | 20cm | |
| 丛书名: | ||
| 单 册: | ||
| 中图分类: | H136.1 | |
| 科图分类: | ||
| 主题词: | 汉语--语义 , 训诂 , 汉语--语义学 , 汉语--词汇 | |
| 电子资源: | ||
| ISBN: | ||
| 000 | 00640nam0 2200241 45 | |
| 001 | 0302270942 | |
| 005 | 20060803154740.35 | |
| 010 | @dCNY1.15 | |
| 091 | @a9011.72 | |
| 100 | @a20030227d1980 km y0chiy0120 ea | |
| 101 | 0 | @achi |
| 200 | 1 | @a常用词用法例释@AChang Yong Ci Yong Fa Li Shi@f王国璋,安汝磐等编@FWang Guo Zhang,An Ru Pan Deng Bian |
| 210 | @a北京@c中国人民大学出版社@d1980.02 | |
| 215 | @a459页@d20cm | |
| 606 | 0 | @a汉语@x语义 |
| 606 | 0 | @a训诂 |
| 606 | 0 | @a汉语@x语义学 |
| 606 | 0 | @a汉语@x词汇 |
| 690 | @aH136.1@v4 | |
| 701 | 0 | @a王国璋@4编 |
| 701 | 0 | @a安汝磐@4编 |
| 801 | @aCN@bTSTC@c20060803 | |
| 905 | @dH136.1@e33 | |
| 常用词用法例释/王国璋,安汝磐等编.-北京:中国人民大学出版社,1980.02 |
| 459页;20cm |
| ISBN :CNY1.15 |
| ● |
| 相关链接 |
|
|
|
|
正题名:常用词用法例释
索取号:H136.1/33
 
预约/预借
| 序号 | 登录号 | 条形码 | 馆藏地/架位号 | 状态 | 备注 |
| 1 | 0026087 | 202226992 | 密集书库/ [索取号:H136.1/33] | 在馆 | |
| 2 | 0026088 | 202226938 | 密集书库/ [索取号:H136.1/33] | 在馆 | |
| 3 | 0026089 | 000835760 | 第四借阅区/ [索取号:H136.1/33] | 在馆 | |
| 4 | 0026090 | 001921996 | 密集书库/ [索取号:H136.1/33] | 在馆 | |
| 5 | 0026091 | 000835804 | 密集书库/ [索取号:H136.1/33] | 在馆 | |
| 6 | 0060113 | 202074076 | 第二样本阅览室/ [索取号:H136.1/33] | 在馆 | |
| 7 | 0084672 | 001751376 | 密集书库/ [索取号:H136.1/33] | 在馆 | |
| 8 | 0084673 | 001751624 | 密集书库/ [索取号:H136.1/33] | 在馆 | |
| 9 | 0084675 | 202226929 | 密集书库/ [索取号:H136.1/33] | 在馆 | |
| 10 | 0084676 | 001751660 | 密集书库/ [索取号:H136.1/33] | 在馆 | |
| 11 | 0444501 | 204445010 | 密集书库/ [索取号:H136.1/33] | 在馆 |